| 000 | 00853nam0a22002651 4500 | ||
|---|---|---|---|
| 001 | RU\NLR\INFOCOMM_241\5000002509 | ||
| 005 | 20260407014222.0 | ||
| 035 | _a(NLR Aleph) 009079044 | ||
| 090 |
_a7970382 _c7970382 |
||
| 100 | _a20081115d1961 |||y0rusy50 ca | ||
| 101 | 0 | _aspa | |
| 102 | _aRU | ||
| 105 | _aa z 000zy | ||
| 200 | 1 |
_aAutomoviles ГАЗ-69М у ГАЗ-69АМ _einstrucciones para la explotación y entrenamiento _fURSS, V/o "Avtoexport" |
|
| 210 |
_aMoscú _c[Vneshtorgizdat _d1961] |
||
| 215 |
_a48 с., [1] л. схем. _cил. _d22 см |
||
| 517 | 1 | _aAutomoviles GAZ-69М у GAZ-69АМ | |
| 686 |
_aТ22-1544 _2rubbk |
||
| 712 | 0 | 2 |
_4570 _a"Avtoeksport", v/o _7ba _3RU\NLR\AUTH\8810002494 _9502195 |
| 801 | 1 |
_aRU _bNLR _c20081115 |
|
| 801 | 0 |
_aRU _bNLR _gPSBO |
|
| 852 |
_aNLR _jТ87 Г-6/85 |
||
| 942 | _cBOOK | ||
| 980 | _aNB | ||